[Event "Excelsior Cup"]
[Site "Gothenburg"]
[Date "2000.??.??"]
[Round "5"]
[White "Brynell, Stellan"]
[Black "Ziegler, Ari"]
[Result "1-0"]
[WhiteElo "2494"]
[BlackElo "2372"]
[Annotator "Tsesarsky,I"]
[PlyCount "72"]
[EventDate "2000.01.07"]
[EventType "tourn"]
[EventRounds "9"]
[EventCountry "SWE"]
[EventCategory "9"]
[SourceTitle "CBM 076"]
[Source "ChessBase"]
[SourceDate "2000.05.31"]
[SourceVersion "1"]
[SourceVersionDate "2000.05.31"]
[SourceQuality "1"]

{[%mdl 16384]} 1. d4 d5 2. Nf3 Nf6 3. c4 c6 4. e3 e6 5. Nbd2 $6 $11 (5. Nc3
$142) 5... Nbd7 6. Bd3 dxc4 7. Nxc4 b5 $5 ({Second way to equalize is} 7... c5
8. O-O b5 (8... Be7 9. Qe2 (9. e4 cxd4 10. e5 Nd5 11. Nxd4 Nc5 $132 (11... N7b6
$6 12. Qg4 g6 13. Bh6 $14 {[%csl Re8] 1-0 Ivanov,O-Vasiliev,V/URS-sf Voronez
1991 (55)})) 9... O-O 10. Rd1 cxd4 11. exd4 b6 12. Bf4 Bb7 13. Rac1 Nd5 14. Bg3
N7f6 15. Nce5 $132 {1/2-1/2 Suetin,A-Dolmatov,S/Daugavpils URS sf 1978 (62)})
9. Nce5 a6 (9... c4 10. Nxd7 Qxd7 11. Ne5 Qd5 12. Be2 Bb7 13. f3 Nd7 14. e4 Qd6
15. Bf4 Nxe5 16. Bxe5 Qb6 17. a4 Rd8 18. Kh1 f6 19. Bg3 Rxd4 20. Qc1 $14 {
[%csl Re8][%cal Rg3f2] 1-0 Dorfman,I-Karasev,V/USSR 1977/Inf 24 (36)}) 10. b3
Nxe5 11. Nxe5 Bb7 12. Bb2 Qd5 13. Qf3 cxd4 14. Bxd4 Qxf3 {1/2-1/2 Haik,
A-Relange,E/Lyon 1993 (14)}) 8. Nce5 (8. Ncd2 a6 9. b3 (9. O-O c5 10. Qe2 Bb7
11. a4 b4 $11 (11... c4 12. Bc2 Nd5 13. e4 Nf4 14. Qe3 g5 (14... Bd6 15. axb5
axb5 16. Rxa8 Qxa8 17. Ne5 $14) 15. g3 Nh3+ 16. Kg2 g4 17. b3 c3 18. Qxc3 Rc8
19. Qd3 $14 {1-0 Luminet,D-Hautot,S/Interteam ch, Antwerp BEL 1998 (29)})) 9...
Bb7 10. Bb2 Be7 11. O-O O-O 12. Qe2 Re8 13. Rfd1 Qb8 14. Rac1 Bd6 (14... c5 15.
dxc5 Nxc5 16. Bb1 Ncd7 (16... Nce4 17. Nxe4 Nxe4 18. Be5 Qa7 19. Bxe4 Bxe4 20.
Rc7 Qb6 21. Rdd7 $18) 17. e4 $14) 15. Ne4 Be7 16. Ne5 Nxe5 17. dxe5 Nxe4 18.
Bxe4 c5 19. Bc2 Qc7 20. Qg4 Rad8 21. Rd6 $6 f5 $15 (21... g6 22. Rdd1 $11 (22.
h4 Rxd6 23. exd6 Bxd6 24. h5 Be5 $17 {1-0 Nestrovic,V-Stojnic,M/Bled 1997/EXP
57 (36)}))) 8... Nxe5 (8... Bb7 9. O-O (9. Qb3 Nxe5 (9... h6 10. Bd2 a6 11. Ng6
$1 $16 {1-0 Renaud,G-Lancel,E/Paris olm 1924 (30)}) 10. Nxe5 Bd6 $132) 9...
Nxe5 (9... a6 10. a4 Nxe5 (10... h6 11. Nxd7 Qxd7 12. e4 Be7 13. Qe2 O-O 14. e5
Nd5 15. Qe4 f5 16. exf6 Nxf6 17. Qg6 $16 {1-0 Tolstikh,N-Giliova/Ekaterinburg
1997/EXP 57 (19)}) 11. Nxe5 Qd5 $11) 10. Nxe5 Qd5 $1 {[%csl Ye4]} 11. Qc2 a6
12. f3 (12. a4 c5 13. Nf3 c4 14. Be2 Bd6 15. axb5 axb5 16. Rxa8+ Bxa8 17. b3
Ng4 18. h3 (18. bxc4 Bxh2+ 19. Kh1 Qh5 20. e4 O-O 21. cxb5 f5 $17) 18... Nh2
19. bxc4 bxc4 20. e4 Nxf3+ 21. Bxf3 Qb5 (21... Qxd4 22. Be3 Qe5 23. Qa4+ Ke7
24. Qa7+ $18) 22. Be3 O-O 23. Rb1 Qa6 $11) 12... c5 $132) 9. Nxe5 Bb7 (9... Qd5
10. Qc2 Qxg2 (10... Bb4+ 11. Bd2 Qxg2 12. Bxb4 Qxh1+ 13. Ke2 Qd5 14. e4 Qd8 15.
Qxc6+ Bd7 16. Nxd7 Nxd7 17. Rc1 Rb8 18. Bxb5 Rb6 19. Qxd7+ Qxd7 20. Rc8# {
1-0 Bellantone,R-Bellemo,A/cr Italy 1971 (20)}) 11. Qxc6+ Qxc6 12. Nxc6 a6 $11)
10. O-O (10. Bd2 a6 11. b4 c5 12. bxc5 Bxg2 13. Rg1 Bd5 14. a4 bxa4 15. Qxa4+
Nd7 16. Ba5 Qc8 17. e4 Bb7 18. c6 {1-0 Lundgren,B-Hladky,M/cr eu/M CP/87/#5/2
0/Inf 87 (18)}) 10... a6 (10... Bd6 11. f4 O-O 12. Qf3 (12. Bd2 c5 $1 $11 (
12... a6 13. b4 g6 14. Qb3 Kg7 15. Rac1 $14 {1-0 Kapistan,A-Fries,T/National
1995 (44)})) 12... Rb8 (12... Rc8 13. Bd2 Ba8 14. Qe2 c5 15. Bxb5 cxd4 16. exd4
Rc2 $132 {1/2-1/2 Raupp,T-Weidemann,J/BL 1986 (52)}) 13. Qh3 c5 $1 $11 {
1-0 Litinskaya,M-Arakhamia,K/Tskhaltubo ct 1988 (43)}) (10... Be7 11. Qf3 Qb6 (
11... Qd5 $6 12. Bd2 O-O 13. Rfc1 Qxf3 14. gxf3 Rac8 15. Rc2 Nd5 (15... c5 16.
dxc5 Bxc5 17. Bxb5 Bd6 18. Nc6 $16) 16. Rac1 $14 {1-0 Donchenko,A-Boguslawsky,
M/Protvino ,EXT 1992 (51)}) 12. a4 bxa4 13. Rxa4 c5 $11) 11. a4 b4 $6 $14 {
Preparing c6-c5 promotion but losing time} (11... Bd6 $142 12. f4 O-O 13. b3 (
13. Qf3 Qb6 14. a5 Qc7 15. e4 c5 16. Be3 $11) 13... Qb6 (13... c5 14. dxc5 Bxc5
15. axb5 axb5 16. Rxa8 Qxa8 $11) 14. Bb2 c5 (14... Rac8 15. Qe2 $14 {1-0
Delander,A-Moeckel,E/GER-ch Sen 1996/EXT 96ch2 (22)}) 15. Qe2 Bd5 $11) (11...
Nd7 $142 12. Nf3 Be7 13. Bd2 b4 14. Qc2 c5 15. Be4 Bxe4 16. Qxe4 O-O $11 {
1/2-1/2 Bany,J-Borkowski,F/Porabka 1987/EXT 87 (57)}) 12. a5 $5 {[%csl Rb6]
[%cal Ge5c4,Gd1a4]} Bd6 13. Nc4 Be7 (13... O-O 14. Qc2 $14) 14. Nb6 Ra7 15. Qc2
c5 $2 $16 {Desperate release attempt.} (15... O-O 16. e4 (16. Bd2 Qc7 17. Ra4
c5 18. dxc5 (18. Bxb4 Qc6) 18... Ng4 $1 (18... Bxc5 19. Bxb4 Qc6 20. e4 Bxb4
21. Rxb4 $16) 19. f4 (19. Bxh7+ Kh8 20. g3 (20. f4 Qxc5 $11) 20... Qc6 21. f3
Bxc5 22. Bxb4 Bxe3+ 23. Kg2 Rd8 $132) 19... Bxc5 20. Bxh7+ Kh8 21. Bxb4 Bxe3+
22. Kh1 Qd8 23. Be1 (23. Bxf8 Qh4 $19) 23... Bxb6 (23... Bd4 $132) 24. axb6
Qxb6 (24... Ne3 25. Qc5 Bxg2+ 26. Kg1 Ra8 27. Qxe3 Bxf1 28. Be4 $16) 25. Be4
$11) 16... Nd7 17. Nxd7 Qxd7 18. Be3 $14) 16. dxc5 Qc7 (16... O-O 17. Bd2 b3
18. Qxb3 Bxc5 19. Rfd1 $16) 17. Qa4+ Kf8 (17... Nd7 18. Rd1 Bc6 19. Qxb4 Nxc5
20. Bc2 $16) 18. Bd2 (18. Qxb4 Bxc5 19. Qc3 $1 Kg8 (19... Ng4 $4 20. Qxc5+ $1)
(19... Bxb6 20. axb6 Qxb6 21. e4 $1 $16 {[%csl Gc1,Gd3][%cal Gc1e3]}) 20. Ra4
$1 {[%cal Ga4g4]} Bxb6 21. axb6 Qxb6 22. e4 $16) 18... h5 $2 $18 {[%cal Gf6g4]
Wrong attempt of counterplay} (18... Qxc5 19. Rac1 Qg5 20. f3 $16 {[%csl Rb7,
Ge4,Rf6,Gg4]}) 19. Rac1 Ng4 20. f4 Bc6 21. Qxb4 Bf6 22. Be4 (22. h3 $18) 22...
Bb5 (22... Bxb2 23. Qxb2 Bxe4 24. Bc3 Rh7 25. Rfd1 (25. Be5 Nxe5 26. Qxe5 Qxe5
27. fxe5 Rc7 28. Nc4 Bg6 29. Nd6 Ke7 $16) 25... Nxe3 26. Rd7 Qxf4 (26... Qxd7
27. Nxd7+ Rxd7 28. Qb8+ Ke7 29. c6 $18) 27. c6 $18 (27. Rxa7 $18)) 23. Rfd1 g5
24. c6+ Be7 25. Nd7+ Ke8 26. Qd4 Rg8 27. h3 f5 28. Bf3 gxf4 29. exf4 Bh4 30.
Be1 Be7 31. Rd2 Ra8 32. hxg4 hxg4 33. Be2 Bxc6 34. Ne5 Rd8 35. Rxc6 Qxa5 36.
Qc3 Qa4 {Black have shown inability passively to defend the worse position} 1-0

[Event "FIDE-Wch k.o."]
[Site "Groningen"]
[Date "1997.12.19"]
[Round "4.5"]
[White "Azmaiparashvili, Zurab"]
[Black "Krasenkow, Michal"]
[Result "1-0"]
[WhiteElo "2645"]
[BlackElo "2645"]
[Annotator "Tsesarsky,I"]
[PlyCount "83"]
[EventDate "1997.12.09"]
[EventType "k.o."]
[EventRounds "7"]
[EventCountry "NED"]
[SourceTitle "CBM 063"]
[Source "ChessBase"]
[SourceDate "1998.03.26"]
[SourceVersion "1"]
[SourceVersionDate "1998.03.26"]
[SourceQuality "1"]

1. d4 d5 2. c4 e6 3. Nf3 c6 4. Qc2 Nf6 5. e3 (5. cxd5 exd5 $5 (5... cxd5 $6 6.
Bg5 Nc6 7. Nc3 Be7 8. e3 $14 {1/2-1/2 Ruban,V-Khavsky,S/Leningrad T 1967 (28)})
) (5. a3 Bd6 6. Bg5 Nbd7 7. g3 O-O $132 (7... Nb6 $4 8. c5 {1-0 Sele,A-Heggem,
K/Molde 1992 (32)})) 5... Ne4 (5... Nbd7 6. b3 Bd6 7. Bb2 b6 (7... O-O 8. Nbd2
Qe7 9. Bd3 e5 10. cxd5 cxd5 11. dxe5 Nxe5 12. Nxe5 Bxe5 13. O-O Bg4 14. Rac1
Rac8 15. Qb1 Rfd8 16. h3 Bh5 17. Bf5 $14 {1-0 Kraut,R-Serrer,C/Groningen op
1988 (43)}) 8. Bd3 (8. Be2 Bb7 9. Nc3 Rc8 10. O-O O-O 11. Rfd1 Qe7 12. e4 dxe4
13. Nxe4 Nxe4 14. Qxe4 $14 {1-0 Vantilberry,C-Ebrahim,K/Moscow olm IVB-BRN
1994 (36)}) 8... Bb7 9. Nc3 $5 $14) (5... b6 6. Nc3 Bb7 7. Be2 Qc7 8. b3 Nbd7
9. Bb2 Bd6 10. e4 e5 11. Rd1 O-O 12. exd5 cxd5 13. Nb5 Bb4+ 14. Kf1 $16 (14.
Bc3 Bxc3+ 15. Qxc3 Qb8 (15... exd4 16. Nxc7 dxc3 17. Nxa8 Rxa8 18. Rc1 $16) 16.
dxe5 $16 {1-0 Cordy,R-Nordhang,A/EU-chJW U14 Herculane 1994 (34)})) 6. Nc3 (6.
Bd3 f5 7. O-O (7. Ne5 Nd7 8. Nxd7 Bxd7 9. O-O $14 (9. f3 $2 Qh4+ 10. g3 Nxg3
11. Qf2 f4 12. e4 (12. exf4 Nf5 13. Bxf5 Qxf2+ 14. Kxf2 exf5 15. cxd5 $15)
12... Be7 13. Rg1 Nh5 $17 {1/2-1/2 Chabanon,J-Mela,J/Genf op sp 1996 (61)}))
7... Bd6 (7... Nd7 8. b3 Be7 9. Ba3 $14 {1-0 Flohr,S-Bondarevsky,I/Parnu 1947 
(41)}) 8. b3 Qe7 9. Bb2 (9. a4 Na6 (9... a5 10. Ba3 Na6 11. Bxd6 Qxd6 12. c5
Qc7 13. Be2 Nb4 14. Qb2 $14) 10. c5 Nb4 11. cxd6 Nxc2 12. dxe7 Nxa1 13. Nbd2 e5
$1 (13... c5 14. Ba3 Nxb3 15. Bb5+ Bd7 16. Bxd7+ Kxd7 17. Nxb3 c4 18. Ne5+ Kc7
19. f3 cxb3 20. fxe4 dxe4 21. Rb1 $18 {1-0 Kiss,P-Dudas,J/HUN-chT1 1994 (36)})
14. Bb2 Nxd2 15. Nxd2 e4 16. Bb1 Nxb3 17. Nxb3 Kxe7 18. Ba3+ $14) 9... Nd7 10.
Ne5 Nxe5 11. dxe5 Bc5 12. Nc3 Nxc3 13. Bxc3 O-O 14. cxd5 exd5 15. Bd4 Ba3 16.
f4 c5 17. Bb2 Bxb2 18. Qxb2 Be6 $11 {1-0 Zueger,B-Stangl,M/Altensteig 1993 (31)
}) (6. Be2 Nd7 (6... f5 7. O-O Bd6 8. b3 Qe7 9. a4 a5 10. Ba3 Bxa3 11. Nxa3 O-O
12. Qb2 Nd7 13. Nc2 g5 14. Nce1 Rf6 15. Nd3 Rh6 16. Nfe5 Nxe5 17. Nxe5 g4 18.
g3 $14 {1-0 Soffer,R-Serebrjanik,A/Rishon le Zion 1992 (36)}) 7. O-O Bd6 8. Nc3
f5 9. Rb1 Qe7 10. a3 O-O 11. b4 a6 12. Qb3 b5 13. cxd5 Nxc3 14. Qxc3 cxd5 15.
Ne1 Nb6 16. Nd3 $132 {1/2-1/2 Chekhov,V-Matlak,M/POL-chT (Lubniewice) 1993 (18)
}) 6... f5 7. Ne5 (7. Bd3 Na6 (7... Bd6 8. O-O O-O 9. b3 $14) 8. a3 Qa5 9. Ra2
(9. O-O Nb4 $11) 9... Nxc3 10. bxc3 Bd6 11. O-O $14) 7... Nd7 8. Nd3 (8. Nxd7
Bxd7 9. Be2 Bd6 10. O-O O-O 11. f4 $11) 8... Bd6 9. Nf4 (9. c5 Bc7 10. b4 O-O
11. Be2 e5 $15) 9... Ndf6 (9... Qe7 $142 10. Bd2 (10. f3 Nxc3 11. bxc3 e5 $1
$15) 10... O-O 11. Be2 Ndf6 12. O-O e5 13. dxe5 Qxe5 14. cxd5 g5 15. Nxe4 Nxe4
16. dxc6 bxc6 17. Rfd1 gxf4 18. exf4 Qe7 19. Qxc6 Be6 $15) 10. f3 Nxc3 11. bxc3
(11. Qxc3 $6 Qe7 12. Bd2 e5 13. Nd3 exd4 14. Qxd4 c5 15. Qh4 d4 16. Qf2 b5 $1
$15) 11... O-O 12. Bd3 Kh8 $6 (12... e5 $1 13. dxe5 (13. Nh3 e4 $17) 13... Bxe5
14. O-O Qe7 (14... Qd6 15. Qb3 Re8 16. Kh1 Nd7 17. Ba3 Nc5 18. Qc2 b6 $132) (
14... Qb6 15. Kh1 Qc5 16. Qb3 Re8 17. Rb1 $132) 15. Qb3 Bxf4 16. exf4 Re8 17.
cxd5 Nxd5 18. c4 Nb4 $11) 13. O-O Bd7 14. c5 Bc7 15. c4 (15. Rb1 b5 16. a4 a6
17. Be2 (17. Bd2 e5 18. Nh3 (18. Ne2 $4 e4 $19) 18... f4 19. dxe5 fxe3 20. Bxe3
Bxe5 21. Bd4 (21. Nf2 Qc7 $15) 21... Bxd4+ 22. cxd4 Bxh3 23. gxh3 Qc7 $15)
17... e5 18. Nd3 e4 19. Nf4 g5 20. Nh3 exf3 (20... h6 21. f4 $11) 21. gxf3 h6
$15) 15... g5 $6 (15... e5 $1 16. dxe5 Bxe5 17. Bb2 Qe7 (17... Bxf4 18. exf4
Qa5 19. Bd4 Rae8 20. Rab1 Bc8 21. Rfd1 $14) 18. Bxe5 Qxe5 19. Rfe1 dxc4 20.
Qxc4 Rad8 $11) 16. Ne2 $14 g4 (16... e5 17. Bxf5 (17. cxd5 Nxd5 18. Rb1 $14)
17... dxc4 18. Bxd7 Qxd7 19. Qxc4 $14) 17. Nf4 Rg8 (17... e5 18. dxe5 Bxe5 19.
Rb1 $14) 18. Kh1 (18. Rb1 gxf3 19. Rxf3 b6 20. cxd5 cxd5 21. Ba3 Ng4 $132)
18... Qe8 (18... b6 19. cxd5 cxd5 20. Ba3 $14) (18... dxc4 19. Bxc4 $14) 19. e4
(19. Rb1 Rb8 20. cxd5 cxd5 21. Ba3 $14) 19... gxf3 20. gxf3 Nh5 21. e5 (21. Ng2
$2 Ng3+ 22. hxg3 Qh5+ 23. Kg1 Bxg3 24. Ne3 fxe4 25. fxe4 dxc4 26. Bxc4 Bf4+ 27.
Kf2 (27. Ng2 Qh2+ $19) 27... Bxe3+ 28. Kxe3 (28. Bxe3 Qh2+ $19) 28... Rg3+ 29.
Kd2 Rg2+ $19) 21... Nxf4 22. Bxf4 Qh5 23. Qf2 (23. cxd5 cxd5 24. Qf2 Rg6 25.
Rg1 Rag8 $11) 23... Ba5 (23... b6 24. Rab1 $132) 24. Rab1 b6 25. cxd5 (25. cxb6
axb6 26. cxd5 cxd5 27. Rfc1 Rac8 28. Rxc8 Bxc8 29. Bg3 h6 30. Bh4 $14) 25...
cxd5 26. Rfc1 (26. cxb6 Bxb6 27. Bc1 Rac8 28. Ba3 $132) 26... bxc5 27. Bb5 (27.
dxc5 Bc6 28. Bb5 Rac8 29. Bxc6 Rxc6 30. Rg1 Rxg1+ 31. Rxg1 Bd8 32. Qg3 Qf7 33.
Bh6 Rc7 $11) 27... Bxb5 28. Rxb5 Bc7 (28... Rab8 29. Rxa5 (29. Rbxc5 Rb2 30.
R1c2 Rxc2 (30... Be1 31. Qe2 Rxc2 32. Rxc2 Ba5 $11) 31. Rxc2 Bb6 32. Rd2 Qh3
33. Be3 h6 $11) 29... Rb2 30. Qf1 Qh4 31. Raxc5 $8 Qxf4 32. R5c2 Qxd4 $17) 29.
Rb7 (29. Rbxc5 Bb6 30. R5c3 (30. Rc6 Bxd4 $17) 30... Rg6 31. Rc8+ Rxc8 32.
Rxc8+ Kg7 33. Rc3 Qh3 34. Rd3 $11) 29... Rg7 30. dxc5 (30. Rxc5 $2 Rag8 31. Rc1
Qh3 $19) 30... Rag8 31. Rxa7 $4 (31. Rbb1 Bd8 32. Rg1 Rxg1+ 33. Rxg1 Rxg1+ 34.
Kxg1 $11) 31... Qh3 $19 32. Rxc7 Rxc7 $2 (32... Rg2 $1 33. Rf1 Rxf2 34. Rxf2
Qh4 35. Bg3 Rxg3 36. Rg2 Rxg2 37. Kxg2 Qg5+ $19) 33. Bg3 Rcg7 $4 (33... h6 34.
Bh4 Kh7 35. Bf6 Ra7 $17) 34. Bh4 $18 Rg6 (34... Rf7 35. Bf6+ $16) 35. Bf6+ Rxf6
36. exf6 Qh6 (36... Rf8 37. c6 Qh6 38. Qc5 Rc8 39. c7 Qxf6 40. Qd6 $18) 37. Qb2
d4 (37... Rf8 38. c6 e5 39. c7 Rc8 40. f7 $1 $18) 38. f7 Rd8 39. Rg1 Qf6 40.
Qb7 d3 41. Qd7 h6 42. Qe8+ 1-0

[Event "RUS-Cup Final"]
[Site "Sochi"]
[Date "1997.09.27"]
[Round "10"]
[White "Malaniuk, Vladimir P"]
[Black "Voitsekhovsky, Stanislav"]
[Result "1-0"]
[WhiteElo "2615"]
[BlackElo "2480"]
[Annotator "Tsesarsky,I"]
[PlyCount "57"]
[EventDate "1997.09.17"]
[EventType "tourn"]
[EventRounds "11"]
[EventCountry "RUS"]
[EventCategory "13"]
[SourceTitle "CBM 062"]
[Source "ChessBase"]
[SourceDate "1998.01.31"]
[SourceVersion "1"]
[SourceVersionDate "1998.01.31"]
[SourceQuality "1"]

1. d4 Nf6 2. Nf3 e6 3. c4 d5 4. e3 c5 5. cxd5 exd5 6. Bb5+ Bd7 7. Bxd7+ Qxd7 (
7... Nbxd7 8. dxc5 Nxc5 9. O-O Be7 (9... Bd6 10. Bd2 (10. b3 O-O 11. Bb2 Nce4
12. Nc3 Rc8 13. Rc1 Bb4 14. Nxe4 dxe4 15. Qxd8 Rfxd8 16. Ng5 Rxc1 (16... Be7
17. Bxf6 Rxc1 18. Rxc1 Bxf6 19. Nxe4 Bb2 20. Rb1 Ba3 21. g4 $16) 17. Rxc1 Rd2
18. Bxf6 gxf6 19. Nxe4 Rxa2 20. Nxf6+ Kg7 21. Nh5+ (21. Nd5 Ba3 22. Rb1 Rd2 $44
) 21... Kh6 22. g4 f5 23. Nf6 $14 {1/2-1/2 Kharitonov,A-Asrian,K/Russian Cup
8th Leg, Smolensk RUS 1997 (36)}) 10... O-O 11. Bc3 Nfe4 12. Bd4 Ne6 13. Nc3
Qa5 14. Ne2 Rac8 15. Qb3 Rc4 16. a3 Qa6 $132 {1-0 Malaniuk,V-Zelcic,R/Nova
Gorica op 1997 (35)}) 10. Bd2 O-O 11. Bc3 Rc8 12. Bd4 Nfe4 13. Nc3 Ne6 14. Be5
Nxc3 15. Bxc3 h6 16. h3 b6 17. Rb1 Nc5 18. Bd4 Ne6 19. Qa4 Nc5 20. Qb5 a6 21.
Qe2 b5 22. Rfd1 $14 {Malaniuk,V-Caposciutti,M/Forli op 1992/TD 92\11/1-0 (59)})
8. O-O (8. Ne5 Qc7 9. Qa4+ Nc6 10. Nc3 Be7 11. Nxc6 $11 {- Vaisser,A-Speelman,
J/ESP-chT 1996/EXT 97}) (8. Nc3 Nc6 9. O-O Rd8 10. b3 {- Alvarez Ibarra,
D-Romero Holmes,A/Elgoibar 1996/EXP 57}) 8... Nc6 9. b3 (9. Nc3 Be7 10. Ne5 (
10. b3 O-O 11. dxc5 Bxc5 12. Bb2 Rfd8 13. Rc1 (13. Nb5 Rac8 $2 (13... Ne4 14.
Rc1 $14) 14. Nbd4 $2 (14. Bxf6 gxf6 15. Rc1 $16) 14... h6 15. Rc1 (15. Nxc6
Qxc6 (15... bxc6 16. Bxf6 gxf6 17. Nh4 $16) 16. Rc1 Qe6 17. Qd3 $14) 15... Bd6
$2 (15... Ne4 $14) 16. Qe2 $2 (16. Nxc6 bxc6 17. Bxf6 gxf6 18. Nh4 $16) 16...
Bb8 (16... Ne4 $14) 17. Nh4 $6 $132 {0-1 Sugden David-Steele Perry/cr EK106
Compuserve 1995 (25)} (17. Nxc6 Rxc6 18. Rxc6 Qxc6 19. Rc1 Qe6 20. Qb5 $14))
13... Qe7 14. Nb5 Ne4 15. Nbd4 Nxd4 16. Nxd4 g6 17. Rc2 Rac8 18. Qd3 Qd7 19.
Rfc1 $14 {1/2-1/2 Kharitonov,A-Filippov,V/Russian Cup f 1997 (40)}) 10... Qc7 (
10... Qe6 11. Nb5 $16) 11. Ng4 (11. Nb5 Qa5) 11... cxd4 (11... Qd7 12. Nxf6+
Bxf6 13. dxc5 Rd8 14. Qa4 $16) 12. Nxf6+ Bxf6 13. Nxd5 Qd6 14. Nxf6+ Qxf6 15.
exd4 $16 {1/2-1/2 Jaeschke,B-Martin,S/Mannheim MA 1990 (21)}) (9. dxc5 Bxc5 10.
b3 O-O 11. Bb2 Qe7 12. a3 (12. Nc3 $14) 12... Rfd8 13. b4 Bb6 14. Qd3 $14 {
1/2-1/2 De Groot,A-Hellstrom,S/WT/M\532 1991 (19)}) 9... cxd4 (9... b6 10. Bb2
Be7 11. Nbd2 O-O 12. Qe2 Qb7 13. Rac1 Ne4 14. dxc5 Bxc5 15. a3 $14 {1-0 Hicker,
H-Kuntner,R/AUT-chT2W 9596 1995/EXT 97 (25)}) 10. Nxd4 Bc5 (10... Bd6 11. Bb2
$14) 11. Bb2 O-O 12. Nxc6 Qxc6 (12... bxc6 13. Bxf6 gxf6 14. Nd2 $16) 13. Nd2
Bb6 (13... Qe6 14. Nf3 Rfd8 15. Nd4 $14) 14. Rc1 (14. Nf3 Ne4 15. Rc1 Qd6 16.
Nd4 $14) 14... Qe6 15. Nf3 Ne4 16. Nd4 $14 Qg6 17. Qd3 Rfe8 18. Rfd1 (18. f3
Nd6 19. Qxg6 hxg6 20. Kf2 Rac8 $11 (20... Nf5 21. Rfe1 Rac8 $11 (21... Nxd4 $2
22. Bxd4 Bxd4 23. exd4 Kf8 24. Rxe8+ Rxe8 25. Rc5 f6 (25... Rd8 26. Rc7 $16)
26. Rxd5 Ke7 $16))) 18... Qh5 19. Rc2 Rad8 $6 (19... Rac8 20. Rdc1 Rxc2 21.
Qxc2 Qg4 22. a3 $14) 20. Rdc1 Nd6 (20... Rd7 21. Qb5 $16) 21. Qd1 Qg6 (21...
Qxd1+ 22. Rxd1 Rc8 23. Rdc1 Rxc2 24. Rxc2 $14) 22. h3 (22. Qf3 Ne4 23. a3 $14)
22... h6 23. Qf3 Re4 $2 (23... Qe4 $14) 24. Ne2 $16 Nf5 (24... Qf5 25. Qg3 Ne8
26. Bd4 $16) 25. Kh1 $5 (25. Nf4 $1 Qd6 $8 26. Rd2 Nh4 (26... Nxe3 $5 27. Nxd5
$1 Ree8 28. Nf6+ $1 Qxf6 29. Bxf6 Rxd2 30. Bc3 $18) (26... Rxe3 27. fxe3 Bxe3+
28. Rf2 Re8 29. Nd3 $16) 27. Qh5 Rxf4 28. exf4 Qxf4 29. Qe5 Qxe5 30. Bxe5 d4
31. Rc4 $16) 25... Qg5 (25... Ree8 $16) 26. Rd1 Ne7 27. Rcd2 (27. Nf4 Qf5 28.
Rcd2 d4 29. g4 Qh7 30. Bxd4 Bxd4 31. Rxd4 Rexd4 32. exd4 Qc2 33. Qe2 Qc6+ 34.
Kg1 $16) 27... Ba5 $6 (27... Bc7 28. Nc3 Re5 29. e4 $16) 28. Rd3 Ng6 $6 (28...
Bc7 29. Ba3 $16) 29. Ng3 $18 1-0